| 000 | 00778nam a22001337a 4500 | ||
|---|---|---|---|
| 040 | _cRUA | ||
| 082 | _aAVM SEM 2012 B102 Or.1 | ||
| 100 | _aSEM, SARAT. | ||
| 245 | _aEffect of using dry cassava bud on quail growth in animal experimental station at royal university of agriculture, ឥទ្ធិពលនៃការប្រើប្រាស់ត្រួយដំឡូងមីលើការលូតលាស់របស់ក្រូចនៅស្ថានីយចិញ្ចឹមសត្វនៃសាកលវិទ្យាល័យភូមិន្ទកសិកម្ម | ||
| 260 |
_aPhnom Penh _bRUA _c2012 |
||
| 300 |
_ax; 47p. _bill. _c29cm. |
||
| 856 | _uhttps://drive.google.com/file/d/1KLEEyMmHO_IkdOFovW_6nXRyrXARHIvw/view?usp=sharing | ||
| 942 | _cAVM | ||
| 999 |
_c2590 _d2590 |
||